000 00923nam a2200265Ia 4500
003 OSt
005 20220923210950.0
006 a|||||r|||| 00| 0
007 ta
008 220922b |||||||| |||| 00| 0 hin d
020 _a8126020474 (pb)
024 _a230,844
037 _cTextual
040 _aARTS
_cARTS
_bhin
041 _2hin
_ahin
082 _aO152,6M23:g, P6
100 _aतलवार, वीर भारत
_9156648
245 0 _aराजा शिवप्रसाद 'सितारैहिन्द'
246 _aRājā shivaprasād 'sitāraihinda'
260 _aनई दिल्ली
_b साहित्य अकादमी
_c2006
300 _a78पृ.
_ccm.
490 _aभारतीय साहित्य के निर्माता
942 _hO152,6M23:g, P6
_cTEXL
_2CC
999 _c293272
_d293272